Managing energy risk : (Record no. 355538)
[ view plain ]
| 000 -LEADER | |
|---|---|
| fixed length control field | 01371cam a22003378i 4500 |
| 001 - CONTROL NUMBER | |
| control field | 18178453 |
| 003 - CONTROL NUMBER IDENTIFIER | |
| control field | Nust- CAS-E |
| 005 - DATE AND TIME OF LATEST TRANSACTION | |
| control field | 20180118181405.0 |
| 008 - FIXED-LENGTH DATA ELEMENTS--GENERAL INFORMATION | |
| fixed length control field | 140605s2014 enk b 001 0 eng |
| 010 ## - LIBRARY OF CONGRESS CONTROL NUMBER | |
| LC control number | 2014020780 |
| 020 ## - INTERNATIONAL STANDARD BOOK NUMBER | |
| International Standard Book Number | 9781118618639 (cloth) |
| 040 ## - CATALOGING SOURCE | |
| Original cataloging agency | DLC |
| Language of cataloging | eng |
| Transcribing agency | DLC |
| Description conventions | rda |
| 042 ## - AUTHENTICATION CODE | |
| Authentication code | pcc |
| 050 00 - LIBRARY OF CONGRESS CALL NUMBER | |
| Classification number | HD9502.A2 |
| Item number | B876 2014 |
| 082 00 - DEWEY DECIMAL CLASSIFICATION NUMBER | |
| Classification number | 333.79 |
| Edition number | 23 |
| Author Mark | BUR-M 2014 |
| 100 1# - MAIN ENTRY--PERSONAL NAME | |
| Personal name | Burger, Markus. |
| 245 10 - TITLE STATEMENT | |
| Title | Managing energy risk : |
| Remainder of title | a practical guide for risk management in power, gas and other energy markets / |
| Statement of responsibility, etc. | Markus Burger, Bernhard Graeber, Gero Schindlmayr. |
| 250 ## - EDITION STATEMENT | |
| Edition statement | Second edition. |
| 263 ## - PROJECTED PUBLICATION DATE | |
| Projected publication date | 1407 |
| 300 ## - PHYSICAL DESCRIPTION | |
| Extent | pages cm |
| 500 ## - GENERAL NOTE | |
| General note | Revised edition of the authors' Managing energy risk : an integrated view on power and other energy markets, published in 2007. |
| 502 0# - DISSERTATION NOTE | |
| Dissertation note | 0 |
| 504 ## - BIBLIOGRAPHY, ETC. NOTE | |
| Bibliography, etc. note | Includes bibliographical references and index. |
| 650 #0 - SUBJECT ADDED ENTRY--TOPICAL TERM | |
| Topical term or geographic name entry element | Energy industries |
| General subdivision | Risk management. |
| 700 1# - ADDED ENTRY--PERSONAL NAME | |
| Personal name | Graeber, Bernhard. |
| 700 1# - ADDED ENTRY--PERSONAL NAME | |
| Personal name | Schindlmayr, Gero. |
| 776 08 - ADDITIONAL PHYSICAL FORM ENTRY | |
| Relationship information | Online version: |
| Main entry heading | Burger, Markus. |
| Title | Managing energy risk |
| Edition | Second edition. |
| Place, publisher, and date of publication | Chichester, West Sussex, United Kingdom : John Wiley & Sons, Inc., 2014 |
| International Standard Book Number | 9781118618622 |
| Record control number | (DLC) 2014022546 |
| 906 ## - LOCAL DATA ELEMENT F, LDF (RLIN) | |
| a | 7 |
| b | cbc |
| c | orignew |
| d | 1 |
| e | ecip |
| f | 20 |
| g | y-gencatlg |
| 942 ## - ADDED ENTRY ELEMENTS (KOHA) | |
| Source of classification or shelving scheme | |
| Koha item type | Book |
| Withdrawn status | Lost status | Source of classification or shelving scheme | Damaged status | Not for loan | Collection code | Permanent Location | Current Location | Shelving location | Date acquired | Source of acquisition | Cost, normal purchase price | Total Checkouts | Full call number | Barcode | Date last seen | Price effective from | Koha item type |
|---|---|---|---|---|---|---|---|---|---|---|---|---|---|---|---|---|---|
| US-Pakistan Center for Advanced Studies in Energy (USPCAS-E) | US-Pakistan Center for Advanced Studies in Energy (USPCAS-E) | 10/26/2015 | Multiline Books | 10824.00 | 333.79 BUR-M 2014 | CAS-E0000628 | 10/26/2015 | 10/26/2015 | Book |
